000 00554cam a2200157 4500500
005 20251012020310.0
041 _afre
042 _adc
100 1 0 _aKarouah, Mourad
_eauthor
700 1 0 _a Rose, Léna
_eauthor
245 0 0 _aDe nouveaux lieux de vie pour une occupation temporaire
260 _c2021.
500 _a64
786 0 _nPCM – Pour Construire un Monde durable | 905 | 1 | 2021-02-07 | p. 34-36 | 1958-7198
856 4 1 _uhttps://shs.cairn.info/revue-pcm-pour-construire-un-monde-durable-2021-1-page-34?lang=fr&redirect-ssocas=7080
999 _c1534871
_d1534871